[Event "DVM U20 2021"]
[Site "Kiel GER"]
[Date "2022.07.23"]
[Round "2"]
[White "Wübker, Paul-Luca"]
[Black "Pralle, Finnegan"]
[Result "1-0"]
[Termination "normal"]
[Board "3.1"]
[WhiteElo "2157"]
[BlackElo "1912"]
[WhiteClock "00:34:25"]
[BlackClock "00:26:17"]
[WhiteTeam "Schachgesellschaft Bochum 1931"]
[BlackTeam "Biebertaler Schachfreunde"]
[PlyCount "59"]
[WhiteFideId "12939528"]
[BlackFideId "12986615"]
[EventCountry "GER"]
[EventRounds "7"]
[EventType "team-swiss"]
[EventDate "2022.07.22"]

1. d4 {[%clk 01:30:57]} {[%emt 00:00:02]} Nf6 {[%clk 01:30:56]} {[%emt
00:00:04]} 2. c4 {[%clk 01:31:22]} {[%emt 00:00:05]} e6 {[%clk 01:31:22]}
{[%emt 00:00:04]} 3. g3 {[%clk 01:30:29]} {[%emt 00:01:24]} d5 {[%clk
01:31:27]} {[%emt 00:00:25]} 4. Bg2 {[%clk 01:30:48]} {[%emt 00:00:10]} b6
{[%clk 01:31:31]} {[%emt 00:00:27]} 5. Nf3 {[%clk 01:30:13]} {[%emt 00:01:04]}
Bb7 {[%clk 01:31:54]} {[%emt 00:00:07]} 6. O-O {[%clk 01:30:21]} {[%emt
00:00:21]} Nbd7 {[%clk 01:31:55]} {[%emt 00:00:30]} 7. Nc3 {[%clk 01:30:09]}
{[%emt 00:00:42]} Be7 {[%clk 01:32:00]} {[%emt 00:00:25]} 8. Bf4 {[%clk
01:29:02]} {[%emt 00:01:37]} a6 {[%clk 01:32:24]} {[%emt 00:00:06]} 9. cxd5
{[%clk 01:29:11]} {[%emt 00:00:21]} exd5 {[%clk 01:32:40]} {[%emt 00:00:15]}
10. Rc1 {[%clk 01:29:27]} {[%emt 00:00:14]} O-O {[%clk 01:31:05]} {[%emt
00:02:05]} 11. Ne5 {[%clk 01:27:59]} {[%emt 00:01:57]} Bd6 {[%clk 01:31:01]}
{[%emt 00:00:34]} 12. Qb3 {[%clk 01:27:11]} {[%emt 00:01:18]} Bxe5 {[%clk
01:28:38]} {[%emt 00:02:54]} 13. Bxe5 {[%clk 01:10:31]} {[%emt 00:17:09]} Re8
{[%clk 01:09:47]} {[%emt 00:19:21]} 14. Bf4 {[%clk 01:01:22]} {[%emt 00:09:38]}
Rc8 {[%clk 01:08:32]} {[%emt 00:01:45]} 15. Nxd5 {[%clk 00:48:22]} {[%emt
00:13:31]} Nxd5 {[%clk 01:04:38]} {[%emt 00:04:24]} 16. Bxd5 {[%clk 00:48:41]}
{[%emt 00:00:10]} Bxd5 {[%clk 01:05:03]} {[%emt 00:00:05]} 17. Qxd5 {[%clk
00:49:05]} {[%emt 00:00:06]} Rxe2 {[%clk 01:04:25]} {[%emt 00:01:08]} 18. Qc4
{[%clk 00:48:18]} {[%emt 00:01:17]} Rxb2 {[%clk 00:52:59]} {[%emt 00:11:57]}
19. Bxc7 {[%clk 00:48:29]} {[%emt 00:00:18]} Qf6 {[%clk 00:49:55]} {[%emt
00:03:34]} 20. Qxa6 {[%clk 00:47:05]} {[%emt 00:01:55]} Re8 {[%clk 00:49:29]}
{[%emt 00:00:55]} 21. Qa4 {[%clk 00:44:52]} {[%emt 00:02:43]} b5 {[%clk
00:49:24]} {[%emt 00:00:36]} 22. Qa7 {[%clk 00:44:43]} {[%emt 00:00:38]} h5
{[%clk 00:44:19]} {[%emt 00:05:36]} 23. Bf4 {[%clk 00:43:57]} {[%emt 00:01:16]}
Nb6 {[%clk 00:35:44]} {[%emt 00:09:05]} 24. Be5 {[%clk 00:39:52]} {[%emt
00:04:35]} Qg6 {[%clk 00:32:10]} {[%emt 00:04:04]} 25. Qb7 {[%clk 00:35:18]}
{[%emt 00:05:04]} Re6 {[%clk 00:30:09]} {[%emt 00:02:30]} 26. d5 {[%clk
00:33:50]} {[%emt 00:01:58]} Rxe5 {[%clk 00:29:22]} {[%emt 00:01:17]} 27. Qb8+
{[%clk 00:34:12]} {[%emt 00:00:09]} Kh7 {[%clk 00:28:42]} {[%emt 00:01:09]} 28.
Qxe5 {[%clk 00:34:36]} {[%emt 00:00:06]} Na4 {[%clk 00:28:22]} {[%emt
00:00:51]} 29. d6 {[%clk 00:34:20]} {[%emt 00:00:46]} Rd2 {[%clk 00:26:17]}
{[%emt 00:02:35]} 30. Rcd1 {[%clk 00:34:25]} {[%emt 00:00:24]} 1-0

[Event "DVM U20 2021"]
[Site "Kiel GER"]
[Date "2022.07.23"]
[Round "2"]
[White "Grunwald, Jonathan"]
[Black "Biermann, Lenhard"]
[Result "0-1"]
[Termination "normal"]
[Board "3.2"]
[WhiteElo "1801"]
[BlackElo "2078"]
[WhiteClock "00:03:55"]
[BlackClock "00:21:21"]
[WhiteTeam "Biebertaler Schachfreunde"]
[BlackTeam "Schachgesellschaft Bochum 1931"]
[PlyCount "62"]
[WhiteFideId "12955744"]
[BlackFideId "12970077"]
[EventCountry "GER"]
[EventRounds "7"]
[EventType "team-swiss"]
[EventDate "2022.07.22"]

1. e4 {[%clk 01:30:56]} {[%emt 00:00:02]} e6 {[%clk 01:30:59]} {[%emt
00:00:02]} 2. d4 {[%clk 01:31:22]} {[%emt 00:00:05]} d5 {[%clk 01:31:25]}
{[%emt 00:00:04]} 3. Nc3 {[%clk 01:31:47]} {[%emt 00:00:04]} Bb4 {[%clk
01:31:51]} {[%emt 00:00:04]} 4. e5 {[%clk 01:32:07]} {[%emt 00:00:09]} Ne7
{[%clk 01:31:54]} {[%emt 00:00:28]} 5. a3 {[%clk 01:31:55]} {[%emt 00:00:42]}
Bxc3+ {[%clk 01:32:18]} {[%emt 00:00:06]} 6. bxc3 {[%clk 01:32:21]} {[%emt
00:00:04]} b6 {[%clk 01:32:37]} {[%emt 00:00:11]} 7. Nf3 {[%clk 01:31:02]}
{[%emt 00:01:49]} Ba6 {[%clk 01:32:58]} {[%emt 00:00:09]} 8. Bxa6 {[%clk
01:27:12]} {[%emt 00:04:19]} Nxa6 {[%clk 01:33:26]} {[%emt 00:00:02]} 9. Qd3
{[%clk 01:26:44]} {[%emt 00:00:58]} Nb8 {[%clk 01:33:21]} {[%emt 00:00:36]} 10.
h4 {[%clk 01:22:43]} {[%emt 00:04:31]} c5 {[%clk 01:29:51]} {[%emt 00:04:00]}
11. h5 {[%clk 01:17:13]} {[%emt 00:05:59]} h6 {[%clk 01:29:27]} {[%emt
00:00:55]} 12. Bf4 {[%clk 00:54:01]} {[%emt 00:23:42]} Nbc6 {[%clk 01:23:21]}
{[%emt 00:06:36]} 13. O-O {[%clk 00:45:41]} {[%emt 00:08:49]} Rc8 {[%clk
01:21:11]} {[%emt 00:02:40]} 14. Rfd1 {[%clk 00:32:33]} {[%emt 00:13:38]} Na5
{[%clk 01:15:37]} {[%emt 00:06:04]} 15. Nd2 {[%clk 00:25:35]} {[%emt 00:07:28]}
Qd7 {[%clk 01:11:34]} {[%emt 00:04:32]} 16. a4 {[%clk 00:21:08]} {[%emt
00:04:59]} Qc6 {[%clk 01:06:30]} {[%emt 00:05:34]} 17. Rdc1 {[%clk 00:15:40]}
{[%emt 00:05:57]} O-O {[%clk 00:56:08]} {[%emt 00:10:52]} 18. g4 {[%clk
00:14:06]} {[%emt 00:02:04]} cxd4 {[%clk 00:55:29]} {[%emt 00:01:09]} 19. cxd4
{[%clk 00:14:27]} {[%emt 00:00:10]} Qc3 {[%clk 00:54:08]} {[%emt 00:01:51]} 20.
Ra3 {[%clk 00:13:44]} {[%emt 00:01:12]} Qxd3 {[%clk 00:52:32]} {[%emt
00:02:06]} 21. Rxd3 {[%clk 00:14:09]} {[%emt 00:00:05]} Rc7 {[%clk 00:51:10]}
{[%emt 00:01:51]} 22. Kf1 {[%clk 00:13:39]} {[%emt 00:01:01]} Rfc8 {[%clk
00:51:00]} {[%emt 00:00:39]} 23. c3 {[%clk 00:13:45]} {[%emt 00:00:25]} Nec6
{[%clk 00:50:31]} {[%emt 00:01:00]} 24. g5 {[%clk 00:12:45]} {[%emt 00:01:30]}
Kh7 {[%clk 00:43:24]} {[%emt 00:07:36]} 25. Nb1 {[%clk 00:10:53]} {[%emt
00:02:22]} Ne7 {[%clk 00:37:59]} {[%emt 00:05:56]} 26. Nd2 {[%clk 00:07:02]}
{[%emt 00:04:21]} Nf5 {[%clk 00:38:00]} {[%emt 00:00:28]} 27. Ke2 {[%clk
00:06:50]} {[%emt 00:00:43]} Nc4 {[%clk 00:34:24]} {[%emt 00:04:06]} 28. Rc2
{[%clk 00:06:38]} {[%emt 00:00:42]} Na3 {[%clk 00:31:05]} {[%emt 00:03:48]} 29.
Rc1 {[%clk 00:06:37]} {[%emt 00:00:32]} b5 {[%clk 00:23:25]} {[%emt 00:08:10]}
30. c4 {[%clk 00:03:38]} {[%emt 00:03:29]} Nxc4 {[%clk 00:22:59]} {[%emt
00:00:55]} 31. axb5 {[%clk 00:03:55]} {[%emt 00:00:14]} Nb2 {[%clk 00:21:21]}
{[%emt 00:02:07]} 0-1

[Event "DVM U20 2021"]
[Site "Kiel GER"]
[Date "2022.07.23"]
[Round "2"]
[White "Biermann, Florian"]
[Black "Peschel, Julia"]
[Result "1-0"]
[Termination "normal"]
[Board "3.3"]
[WhiteElo "2100"]
[BlackElo "1545"]
[WhiteClock "00:29:58"]
[BlackClock "00:01:58"]
[WhiteTeam "Schachgesellschaft Bochum 1931"]
[BlackTeam "Biebertaler Schachfreunde"]
[PlyCount "69"]
[WhiteFideId "12970069"]
[BlackFideId "16255593"]
[EventCountry "GER"]
[EventRounds "7"]
[EventType "team-swiss"]
[EventDate "2022.07.22"]

1. c4 {[%clk 01:30:55]} {[%emt 00:00:04]} e6 {[%clk 01:30:49]} {[%emt
00:00:12]} 2. Nf3 {[%clk 01:31:15]} {[%emt 00:00:10]} d5 {[%clk 01:31:04]}
{[%emt 00:00:15]} 3. g3 {[%clk 01:31:34]} {[%emt 00:00:10]} Nf6 {[%clk
01:31:26]} {[%emt 00:00:09]} 4. Bg2 {[%clk 01:31:59]} {[%emt 00:00:05]} dxc4
{[%clk 01:31:37]} {[%emt 00:00:18]} 5. O-O {[%clk 01:32:22]} {[%emt 00:00:08]}
Nbd7 {[%clk 01:31:40]} {[%emt 00:00:27]} 6. Qc2 {[%clk 01:30:19]} {[%emt
00:02:33]} a6 {[%clk 01:30:21]} {[%emt 00:01:49]} 7. a4 {[%clk 01:30:21]}
{[%emt 00:00:28]} c6 {[%clk 01:22:27]} {[%emt 00:08:24]} 8. Na3 {[%clk
01:28:07]} {[%emt 00:02:44]} Bxa3 {[%clk 01:18:58]} {[%emt 00:03:58]} 9. Rxa3
{[%clk 01:28:19]} {[%emt 00:00:19]} O-O {[%clk 01:12:27]} {[%emt 00:07:01]} 10.
Qxc4 {[%clk 01:27:55]} {[%emt 00:00:54]} b5 {[%clk 01:10:37]} {[%emt 00:02:20]}
11. Qxc6 {[%clk 01:27:15]} {[%emt 00:01:10]} Rb8 {[%clk 01:07:27]} {[%emt
00:03:40]} 12. axb5 {[%clk 01:27:26]} {[%emt 00:00:19]} Bb7 {[%clk 01:05:09]}
{[%emt 00:02:47]} 13. Qc2 {[%clk 01:27:33]} {[%emt 00:00:24]} axb5 {[%clk
01:05:13]} {[%emt 00:00:26]} 14. d3 {[%clk 01:27:15]} {[%emt 00:00:48]} Qe7
{[%clk 00:58:40]} {[%emt 00:07:02]} 15. Bd2 {[%clk 01:15:02]} {[%emt 00:12:44]}
Rfc8 {[%clk 00:56:07]} {[%emt 00:03:02]} 16. Rc3 {[%clk 01:13:31]} {[%emt
00:02:02]} Nc5 {[%clk 00:46:59]} {[%emt 00:09:38]} 17. Rc1 {[%clk 01:08:44]}
{[%emt 00:05:17]} Nfd7 {[%clk 00:44:09]} {[%emt 00:03:19]} 18. Bf4 {[%clk
00:50:42]} {[%emt 00:18:32]} Ra8 {[%clk 00:39:03]} {[%emt 00:05:36]} 19. Ne5
{[%clk 00:49:56]} {[%emt 00:01:17]} b4 {[%clk 00:29:50]} {[%emt 00:09:43]} 20.
Bxb7 {[%clk 00:46:37]} {[%emt 00:03:48]} bxc3 {[%clk 00:29:55]} {[%emt
00:00:26]} 21. Bxc8 {[%clk 00:46:22]} {[%emt 00:00:44]} Nb6 {[%clk 00:11:41]}
{[%emt 00:18:44]} 22. Qxc3 {[%clk 00:44:57]} {[%emt 00:01:55]} Rxc8 {[%clk
00:11:16]} {[%emt 00:00:55]} 23. Qb4 {[%clk 00:45:02]} {[%emt 00:00:26]} Nd5
{[%clk 00:07:25]} {[%emt 00:04:20]} 24. Qa3 {[%clk 00:38:17]} {[%emt 00:07:16]}
Qf8 {[%clk 00:06:06]} {[%emt 00:01:48]} 25. e4 {[%clk 00:30:45]} {[%emt
00:08:02]} Nf6 {[%clk 00:04:06]} {[%emt 00:02:30]} 26. Be3 {[%clk 00:30:30]}
{[%emt 00:00:45]} Ncd7 {[%clk 00:03:40]} {[%emt 00:00:55]} 27. Qxf8+ {[%clk
00:30:53]} {[%emt 00:00:08]} Rxf8 {[%clk 00:04:05]} {[%emt 00:00:06]} 28. Nxd7
{[%clk 00:31:09]} {[%emt 00:00:13]} Nxd7 {[%clk 00:04:34]} {[%emt 00:00:01]}
29. b4 {[%clk 00:31:06]} {[%emt 00:00:33]} Rb8 {[%clk 00:04:39]} {[%emt
00:00:25]} 30. b5 {[%clk 00:31:09]} {[%emt 00:00:28]} f6 {[%clk 00:04:14]}
{[%emt 00:00:54]} 31. Rc7 {[%clk 00:30:57]} {[%emt 00:00:42]} Ne5 {[%clk
00:03:48]} {[%emt 00:00:56]} 32. b6 {[%clk 00:31:13]} {[%emt 00:00:15]} Nf7
{[%clk 00:02:44]} {[%emt 00:01:34]} 33. b7 {[%clk 00:29:50]} {[%emt 00:01:53]}
Nd6 {[%clk 00:02:59]} {[%emt 00:00:14]} 34. Rd7 {[%clk 00:30:03]} {[%emt
00:00:17]} Nb5 {[%clk 00:01:58]} {[%emt 00:01:31]} 35. Bb6 {[%clk 00:29:58]}
{[%emt 00:00:35]} 1-0

[Event "DVM U20 2021"]
[Site "Kiel GER"]
[Date "2022.07.23"]
[Round "2"]
[White "Limpert, Tillmann"]
[Black "Prieb, Robert"]
[Result "0-1"]
[Termination "normal"]
[Board "3.4"]
[BlackTitle "CM"]
[WhiteElo "1652"]
[BlackElo "2111"]
[WhiteClock "00:16:05"]
[BlackClock "00:23:38"]
[WhiteTeam "Biebertaler Schachfreunde"]
[BlackTeam "Schachgesellschaft Bochum 1931"]
[PlyCount "68"]
[WhiteFideId "16213254"]
[BlackFideId "16212002"]
[EventCountry "GER"]
[EventRounds "7"]
[EventType "team-swiss"]
[EventDate "2022.07.22"]

1. e4 {[%clk 01:30:57]} {[%emt 00:00:03]} c5 {[%clk 01:30:49]} {[%emt
00:00:12]} 2. Nc3 {[%clk 01:31:17]} {[%emt 00:00:10]} a6 {[%clk 01:31:10]}
{[%emt 00:00:09]} 3. g3 {[%clk 01:31:31]} {[%emt 00:00:16]} b5 {[%clk
01:31:27]} {[%emt 00:00:12]} 4. Bg2 {[%clk 01:31:28]} {[%emt 00:00:34]} Bb7
{[%clk 01:31:38]} {[%emt 00:00:18]} 5. d3 {[%clk 01:31:39]} {[%emt 00:00:20]}
e6 {[%clk 01:31:22]} {[%emt 00:00:46]} 6. f4 {[%clk 01:31:25]} {[%emt
00:00:43]} Nf6 {[%clk 01:31:20]} {[%emt 00:00:32]} 7. Nf3 {[%clk 01:31:02]}
{[%emt 00:00:53]} Be7 {[%clk 01:30:54]} {[%emt 00:00:57]} 8. h3 {[%clk
01:30:02]} {[%emt 00:01:30]} d5 {[%clk 01:29:49]} {[%emt 00:01:34]} 9. e5
{[%clk 01:28:48]} {[%emt 00:01:44]} Nfd7 {[%clk 01:29:29]} {[%emt 00:00:50]}
10. O-O {[%clk 01:26:53]} {[%emt 00:02:26]} Nc6 {[%clk 01:29:16]} {[%emt
00:00:42]} 11. Ne2 {[%clk 01:24:17]} {[%emt 00:03:07]} Qb6 {[%clk 01:26:51]}
{[%emt 00:02:54]} 12. Be3 {[%clk 01:22:10]} {[%emt 00:02:37]} h6 {[%clk
01:20:57]} {[%emt 00:06:25]} 13. c3 {[%clk 01:21:14]} {[%emt 00:01:26]} O-O-O
{[%clk 01:18:28]} {[%emt 00:02:59]} 14. a4 {[%clk 01:19:13]} {[%emt 00:02:30]}
Rdg8 {[%clk 01:15:02]} {[%emt 00:03:56]} 15. b4 {[%clk 01:15:28]} {[%emt
00:04:15]} g5 {[%clk 01:11:42]} {[%emt 00:03:50]} 16. bxc5 {[%clk 01:10:04]}
{[%emt 00:05:54]} Bxc5 {[%clk 01:10:12]} {[%emt 00:02:00]} 17. d4 {[%clk
01:09:44]} {[%emt 00:00:50]} Be7 {[%clk 01:10:29]} {[%emt 00:00:13]} 18. Rb1
{[%clk 01:08:27]} {[%emt 00:01:47]} g4 {[%clk 01:06:27]} {[%emt 00:04:32]} 19.
hxg4 {[%clk 01:07:21]} {[%emt 00:01:37]} Rxg4 {[%clk 01:06:41]} {[%emt
00:00:15]} 20. Qb3 {[%clk 01:05:56]} {[%emt 00:01:54]} Na5 {[%clk 01:05:52]}
{[%emt 00:01:20]} 21. Qc2 {[%clk 01:04:58]} {[%emt 00:01:29]} Nc4 {[%clk
01:05:57]} {[%emt 00:00:24]} 22. Qd3 {[%clk 01:03:10]} {[%emt 00:02:18]} h5
{[%clk 01:03:17]} {[%emt 00:03:10]} 23. Kf2 {[%clk 00:59:04]} {[%emt 00:04:36]}
h4 {[%clk 00:46:53]} {[%emt 00:16:54]} 24. gxh4 {[%clk 00:56:54]} {[%emt
00:02:41]} Qd8 {[%clk 00:45:49]} {[%emt 00:01:33]} 25. Ng5 {[%clk 00:55:03]}
{[%emt 00:02:21]} Bxg5 {[%clk 00:40:46]} {[%emt 00:05:33]} 26. hxg5 {[%clk
00:53:00]} {[%emt 00:02:34]} Rh2 {[%clk 00:40:33]} {[%emt 00:00:42]} 27. Ng3
{[%clk 00:51:49]} {[%emt 00:01:42]} Qh8 {[%clk 00:40:13]} {[%emt 00:00:49]} 28.
Bc1 {[%clk 00:38:53]} {[%emt 00:13:26]} Nc5 29. dxc5 {[%clk 00:21:56]} d4
{[%clk 00:30:41]} {[%emt 00:00:50]} 30. Ke1 {[%clk 00:21:16]} {[%emt 00:01:09]}
Rxg2 {[%clk 00:29:51]} {[%emt 00:01:21]} 31. axb5 {[%clk 00:20:19]} {[%emt
00:01:27]} R4xg3 {[%clk 00:27:38]} {[%emt 00:02:44]} 32. Qxc4 {[%clk 00:18:57]}
{[%emt 00:01:52]} Qh4 {[%clk 00:26:57]} {[%emt 00:01:10]} 33. Kd1 {[%clk
00:15:52]} {[%emt 00:03:35]} Qh5+ {[%clk 00:24:41]} {[%emt 00:02:46]} 34. Ke1
{[%clk 00:16:05]} {[%emt 00:00:17]} d3 {[%clk 00:23:38]} {[%emt 00:01:33]} 0-1

[Event "DVM U20 2021"]
[Site "Kiel GER"]
[Date "2022.07.23"]
[Round "2"]
[White "Gluma, Christian"]
[Black "Koleber, Ksenia Alexandra"]
[Result "1-0"]
[Termination "normal"]
[Board "3.5"]
[WhiteElo "2044"]
[BlackElo "1381"]
[WhiteClock "00:28:39"]
[BlackClock "00:02:14"]
[WhiteTeam "Schachgesellschaft Bochum 1931"]
[BlackTeam "Biebertaler Schachfreunde"]
[PlyCount "65"]
[WhiteFideId "16223209"]
[BlackFideId "16271130"]
[EventCountry "GER"]
[EventRounds "7"]
[EventType "team-swiss"]
[EventDate "2022.07.22"]

1. e4 {[%clk 01:30:55]} {[%emt 00:00:05]} e5 {[%clk 01:30:52]} {[%emt
00:00:08]} 2. Nf3 {[%clk 01:31:21]} {[%emt 00:00:05]} Nc6 {[%clk 01:31:07]}
{[%emt 00:00:15]} 3. Bc4 {[%clk 01:31:45]} {[%emt 00:00:06]} Nf6 {[%clk
01:31:20]} {[%emt 00:00:17]} 4. d3 {[%clk 01:31:59]} {[%emt 00:00:15]} Bc5
{[%clk 01:31:17]} {[%emt 00:00:33]} 5. c3 {[%clk 01:32:23]} {[%emt 00:00:07]}
d6 {[%clk 01:31:32]} {[%emt 00:00:15]} 6. a4 {[%clk 01:32:45]} {[%emt
00:00:08]} a5 {[%clk 01:29:27]} {[%emt 00:02:35]} 7. Qb3 {[%clk 01:31:54]}
{[%emt 00:01:21]} Qe7 {[%clk 01:24:56]} {[%emt 00:05:00]} 8. Nbd2 {[%clk
01:27:59]} {[%emt 00:04:26]} h6 {[%clk 01:21:29]} {[%emt 00:03:57]} 9. h3
{[%clk 01:27:07]} {[%emt 00:01:22]} Rb8 {[%clk 01:17:58]} {[%emt 00:04:01]} 10.
Bb5 {[%clk 01:26:09]} {[%emt 00:01:28]} Bd7 {[%clk 01:16:14]} {[%emt 00:02:14]}
11. Nc4 {[%clk 01:25:31]} {[%emt 00:01:08]} O-O {[%clk 01:11:28]} {[%emt
00:05:15]} 12. Qc2 {[%clk 01:21:05]} {[%emt 00:04:56]} Ra8 {[%clk 01:01:59]}
{[%emt 00:10:00]} 13. Ne3 {[%clk 01:17:25]} {[%emt 00:04:09]} Rfe8 {[%clk
00:47:49]} {[%emt 00:14:40]} 14. Bc4 {[%clk 01:13:36]} {[%emt 00:04:19]} Qd8
{[%clk 00:40:12]} {[%emt 00:08:07]} 15. Qb3 {[%clk 01:11:54]} {[%emt 00:02:13]}
Rf8 {[%clk 00:37:55]} {[%emt 00:02:47]} 16. g4 {[%clk 01:10:19]} {[%emt
00:02:04]} Rb8 {[%clk 00:33:58]} {[%emt 00:04:27]} 17. Nf5 {[%clk 01:08:21]}
{[%emt 00:02:28]} Bxf5 {[%clk 00:26:32]} {[%emt 00:07:56]} 18. gxf5 {[%clk
01:08:08]} {[%emt 00:00:43]} Qd7 {[%clk 00:25:12]} {[%emt 00:01:51]} 19. Nh4
{[%clk 01:04:14]} {[%emt 00:04:23]} Kh7 {[%clk 00:23:02]} {[%emt 00:02:40]} 20.
Rg1 {[%clk 00:58:47]} {[%emt 00:05:57]} Na7 {[%clk 00:14:27]} {[%emt 00:09:06]}
21. Qc2 {[%clk 00:57:16]} {[%emt 00:02:01]} d5 {[%clk 00:13:11]} {[%emt
00:01:46]} 22. exd5 {[%clk 00:53:32]} {[%emt 00:04:14]} Nh5 {[%clk 00:08:05]}
{[%emt 00:05:35]} 23. d4 {[%clk 00:48:21]} {[%emt 00:05:41]} exd4 {[%clk
00:05:27]} {[%emt 00:03:08]} 24. f6+ {[%clk 00:48:37]} {[%emt 00:00:14]} Kh8
{[%clk 00:03:36]} {[%emt 00:02:21]} 25. fxg7+ {[%clk 00:45:38]} {[%emt
00:03:29]} Nxg7 {[%clk 00:03:34]} {[%emt 00:00:32]} 26. Bxh6 {[%clk 00:44:48]}
{[%emt 00:01:20]} Rbe8+ {[%clk 00:03:04]} {[%emt 00:01:00]} 27. Kd1 {[%clk
00:43:58]} {[%emt 00:01:20]} Rg8 {[%clk 00:02:56]} {[%emt 00:00:38]} 28. Bg5
{[%clk 00:33:23]} {[%emt 00:11:05]} Be7 {[%clk 00:02:17]} {[%emt 00:01:09]} 29.
Qd2 {[%clk 00:30:26]} {[%emt 00:03:27]} Qd6 {[%clk 00:02:08]} {[%emt 00:00:39]}
30. Bf4 {[%clk 00:29:59]} {[%emt 00:00:56]} Qf6 {[%clk 00:02:13]} {[%emt
00:00:26]} 31. Bg5 {[%clk 00:28:06]} {[%emt 00:02:24]} Qd6 {[%clk 00:01:58]}
{[%emt 00:00:44]} 32. Bxe7 {[%clk 00:28:17]} {[%emt 00:00:20]} Rxe7 {[%clk
00:02:14]} {[%emt 00:00:13]} 33. Ng6+ {[%clk 00:28:39]} {[%emt 00:00:08]} 1-0

[Event "DVM U20 2021"]
[Site "Kiel GER"]
[Date "2022.07.23"]
[Round "2"]
[White "Peschel, Jan"]
[Black "Klugstedt, Vincent"]
[Result "0-1"]
[Termination "normal"]
[Board "3.6"]
[WhiteElo "1559"]
[BlackElo "1877"]
[WhiteClock "00:02:47"]
[BlackClock "00:51:37"]
[WhiteTeam "Biebertaler Schachfreunde"]
[BlackTeam "Schachgesellschaft Bochum 1931"]
[PlyCount "70"]
[WhiteFideId "16271629"]
[BlackFideId "16216393"]
[EventCountry "GER"]
[EventRounds "7"]
[EventType "team-swiss"]
[EventDate "2022.07.22"]

1. e4 {[%clk 01:30:54]} {[%emt 00:00:05]} c5 {[%clk 01:30:41]} {[%emt
00:00:19]} 2. c3 {[%clk 01:31:07]} {[%emt 00:00:18]} d5 {[%clk 01:30:41]}
{[%emt 00:00:30]} 3. exd5 {[%clk 01:15:07]} {[%emt 00:16:30]} Qxd5 {[%clk
01:30:57]} {[%emt 00:00:14]} 4. Nf3 {[%clk 01:13:40]} {[%emt 00:01:57]} Bg4
{[%clk 01:29:15]} {[%emt 00:02:11]} 5. Qa4+ {[%clk 01:09:38]} {[%emt 00:04:32]}
Bd7 {[%clk 01:29:30]} {[%emt 00:00:16]} 6. Qf4 {[%clk 01:09:01]} {[%emt
00:01:06]} Qe6+ {[%clk 01:24:43]} {[%emt 00:05:18]} 7. Be2 {[%clk 01:03:43]}
{[%emt 00:05:48]} Nc6 {[%clk 01:23:59]} {[%emt 00:01:15]} 8. Ng5 {[%clk
01:00:05]} {[%emt 00:04:08]} Qf5 {[%clk 01:22:34]} {[%emt 00:01:54]} 9. d3
{[%clk 00:53:30]} {[%emt 00:07:05]} Nf6 {[%clk 01:21:29]} {[%emt 00:01:35]} 10.
Na3 {[%clk 00:44:18]} {[%emt 00:09:42]} Rc8 {[%clk 01:18:21]} {[%emt 00:03:37]}
11. O-O {[%clk 00:37:25]} {[%emt 00:07:24]} h6 {[%clk 01:14:34]} {[%emt
00:04:18]} 12. Ne4 {[%clk 00:36:01]} {[%emt 00:01:53]} Nxe4 {[%clk 01:10:41]}
{[%emt 00:04:23]} 13. dxe4 {[%clk 00:34:48]} {[%emt 00:01:43]} Qg6 {[%clk
01:06:57]} {[%emt 00:04:14]} 14. Rd1 {[%clk 00:29:26]} {[%emt 00:05:51]} e5
{[%clk 01:05:57]} {[%emt 00:01:30]} 15. Qf3 {[%clk 00:27:54]} {[%emt 00:02:03]}
Be7 {[%clk 01:04:23]} {[%emt 00:02:05]} 16. Be3 {[%clk 00:21:48]} {[%emt
00:06:35]} Be6 {[%clk 01:04:09]} {[%emt 00:00:44]} 17. Rd2 {[%clk 00:20:08]}
{[%emt 00:02:10]} O-O {[%clk 01:04:16]} {[%emt 00:00:23]} 18. b3 {[%clk
00:17:52]} {[%emt 00:02:46]} b6 {[%clk 01:00:40]} {[%emt 00:04:05]} 19. Rb1
{[%clk 00:15:41]} {[%emt 00:02:42]} Na5 {[%clk 00:57:36]} {[%emt 00:03:34]} 20.
Ba6 {[%clk 00:11:07]} {[%emt 00:05:03]} Rcd8 {[%clk 00:54:03]} {[%emt
00:04:04]} 21. Rxd8 {[%clk 00:11:03]} {[%emt 00:00:33]} Rxd8 {[%clk 00:54:12]}
{[%emt 00:00:22]} 22. h3 {[%clk 00:11:13]} {[%emt 00:00:20]} Nc6 {[%clk
00:52:42]} {[%emt 00:02:00]} 23. Rb2 {[%clk 00:09:24]} {[%emt 00:02:18]} Bg5
{[%clk 00:51:45]} {[%emt 00:01:29]} 24. Bxg5 {[%clk 00:08:30]} {[%emt
00:01:23]} Qxg5 {[%clk 00:52:05]} {[%emt 00:00:09]} 25. Nc4 {[%clk 00:08:26]}
{[%emt 00:00:35]} Nb8 {[%clk 00:49:46]} {[%emt 00:02:49]} 26. Ne3 {[%clk
00:03:43]} {[%emt 00:05:13]} Nxa6 {[%clk 00:49:55]} {[%emt 00:00:21]} 27. Kh2
{[%clk 00:03:24]} {[%emt 00:00:49]} Qf4+ {[%clk 00:50:12]} {[%emt 00:00:13]}
28. Qxf4 {[%clk 00:03:31]} {[%emt 00:00:22]} exf4 {[%clk 00:50:38]} {[%emt
00:00:05]} 29. Nf1 {[%clk 00:03:15]} {[%emt 00:00:46]} Rd3 {[%clk 00:50:40]}
{[%emt 00:00:27]} 30. c4 {[%clk 00:03:11]} {[%emt 00:00:35]} Nb4 {[%clk
00:50:40]} {[%emt 00:00:29]} 31. g3 {[%clk 00:03:10]} {[%emt 00:00:32]} fxg3+
{[%clk 00:51:00]} {[%emt 00:00:11]} 32. Nxg3 {[%clk 00:03:32]} {[%emt
00:00:07]} a6 {[%clk 00:50:54]} {[%emt 00:00:35]} 33. a3 {[%clk 00:02:59]}
{[%emt 00:01:03]} Nc6 {[%clk 00:51:18]} {[%emt 00:00:07]} 34. f4 {[%clk
00:02:39]} {[%emt 00:00:49]} Na5 {[%clk 00:51:24]} {[%emt 00:00:24]} 35. f5
{[%clk 00:02:47]} {[%emt 00:00:23]} Bd7 {[%clk 00:51:37]} {[%emt 00:00:16]} 0-1